| 000 | 00536nam a2200193Ia 4500 | ||
|---|---|---|---|
| 999 |
_c14952 _d14952 |
||
| 003 | OSt | ||
| 005 | 20201113100813.0 | ||
| 008 | 190216s9999||||xx |||||||||||||| ||und|| | ||
| 020 | _a8182695600 | ||
| 040 | _coclc | ||
| 082 |
_a428.2 _bSIN/H |
||
| 100 |
_aSindhi, Sumita _96560 |
||
| 245 | 0 |
_aHow To Identify Commen Erros In English / _cSumitha Sindhi |
|
| 250 | _a1st Ed. | ||
| 260 |
_bArihant Prakashan, _c2005. _aDelhi: |
||
| 300 | _a183p | ||
| 650 | _aEnglish | ||
| 942 |
_cBK _2ddc _h 428 _iSIN/H _k428 _mSIN/H |
||